Nombrar el devenir: Filosofía de la Historia, memoria y política
Salvato in:
| Autore principale: | |
|---|---|
| Ente Autore: | |
| Natura: | Libro |
| Lingua: | spagnolo |
| Pubblicazione: |
Viña del Mar, Chile
Centro de Estudios Humanísticos Integrados
2009
|
| Serie: | Colección Vórtice
|
| Soggetti: | |
| Tags: |
Aggiungi Tag
Nessun Tag, puoi essere il primo ad aggiungerne!!
|
MARC
| LEADER | 00000nam a2200000 a 4500 | ||
|---|---|---|---|
| 001 | UCH2458 | ||
| 003 | CL-VaPUC | ||
| 005 | 20210604001513.0 | ||
| 008 | 090611e20090500CL |||||||||||||||||spa|d | ||
| 999 | |c 334198 |d 334196 | ||
| 020 | |a 9789567827732 | ||
| 040 | |c Pontificia Universidad Católica de Valparaíso | ||
| 082 | 0 | 4 | |a 901 ARA 2009 |2 21 |
| 100 | 0 | |a Aravena Núñez, Pablo |e author |9 537295 | |
| 110 | 2 | |a Universidad de Viña del Mar |e author |9 537296 | |
| 245 | 1 | 0 | |a Nombrar el devenir: |b Filosofía de la Historia, memoria y política |
| 260 | |a Viña del Mar, Chile |b Centro de Estudios Humanísticos Integrados |c 2009 | ||
| 300 | |a 240 páginas | ||
| 490 | 0 | |a Colección Vórtice | |
| 583 | |a last modification |c 20121001 12:27:32 |k Rodrigo Vera | ||
| 650 | 0 | |a Filosofía de la historia |9 265651 | |
| 650 | 0 | |a Historia moderna |9 268036 | |
| 650 | 7 | |a MEMORIAS |2 CL-VaPUC |9 269159 | |
| 650 | 0 | |a Epistemología |9 264994 | |
| 852 | |a BIBCUR | ||
| 942 | |c BK |2 ddc | ||
| 945 | |d 20090611 00:00:00 |a dcastane | ||
| 952 | |0 0 |1 0 |2 ddc |4 0 |6 901_000000000000000_ARA_2009 |7 0 |8 A |9 423043 |a BIBHIS |b BIBHIS |d 2019-11-22 |i 4560930 |o 901 ARA 2009 |p 4560930 |r 2025-01-20 |t 1 |w 2019-11-22 |y BK |k HIS | ||
| 952 | |0 0 |1 0 |2 ddc |4 0 |6 901_000000000000000_ARA_2009 |7 0 |8 A |9 423044 |a BIBHIS |b BIBHIS |d 2019-11-22 |i 4613252 |o 901 ARA 2009 |p 4613252 |r 2025-01-20 |t 2 |w 2019-11-22 |y BK |k HIS | ||